|
|
|
|
| LEADER |
00000nab#a22000007a#4500 |
| 001 |
arbauad036381 |
| 003 |
AR-BaUAD |
| 005 |
20250711112856.0 |
| 008 |
990414|||||||||###||||||b###|0###a|spa|| |
| 040 |
|
|
|a AR-BaUAD
|c AR-BaUAD
|b spa
|
| 100 |
|
|
|a De Angelis, Almerico
|
| 245 |
|
|
|a Wright e van der Rohe al Vitra /
|c Almerico De Angelis;
|
| 300 |
0 |
|
|b fot., il.
|
| 653 |
|
|
|a ALEMANIA
|
| 653 |
|
|
|a VITRA DESIGN MUSEUM
|
| 653 |
|
|
|a MUSEOS
|
| 653 |
|
|
|a EXPOSICIONES
|
| 653 |
|
|
|a MIES VAN DER ROHE, LUDWIG
|
| 653 |
|
|
|a WRIGHT, FRANK LLOYD
|
| 653 |
|
|
|a HISTORIA
|
| 653 |
|
|
|a DISEÑO INDUSTRIAL
|
| 773 |
0 |
|
|t MODO
|g no. 194 [dic.-ene. 1999], p. 78-79
|
| 942 |
|
|
|c ARTI
|
| 952 |
|
|
|0 0
|1 0
|4 0
|7 0
|9 81300
|a AR-BAuAD
|b AR-BAuAD
|d 2025-07-11
|l 0
|p AAQA036381
|r 2025-07-11 11:28:56
|w 2025-07-11
|y ARTI
|
| 990 |
|
|
|a DI199
|b TD
|
| 998 |
|
|
|a AAQ
|b BIBUN76
|
| 999 |
|
|
|c 60973
|d 60973
|